banner koha

Plano meridional do Brasil / (Registro n. 50042)

MARC details
000 -LÍDER
Campo de controle fixo 00658nam a22002537a 4500
001 - NÚMERO DE CONTROLE
Número de controle BR9405397
003 - CÓDIGO MARC DA AGÊNCIA CATALOGADORA
Campo de controle BR-BrBNA
005 - DATA E HORA DA ÚLTIMA ATUALIZAÇÃO
Campo de controle 20240528153443.0
008 - CAMPO DE TAMANHO FIXO
Campo fixo de controle 230509b bl.||||| |||| 00| 0 por d
040 ## - FONTE DA CATALOGAÇÃO
Agência catalogadora BR-BrBNA
Idioma da catalogação por
041 ## - CÓDIGO DO IDIOMA
Código do Idioma (Por)
072 ## - CATEGORIA AGRIS
Código da categoria de assunto/objeto <a href="B10">B10</a>
090 ## - NÚMERO DE CHAMADA
Localização na estante B10
Código BR BR9405397
100 1# - ENTRADA PRINCIPAL - NOME PESSOAL
Nome pessoal Valverde, O.
245 1# - TÍTULO PRINCIPAL
Título principal Plano meridional do Brasil /
260 3# - IMPRENTA (PUBLICAÇÃO, DISTRIBUIÇÃO, ETC.)
Lugar de publicação, distribuição, etc. Rio de Janeiro, GB (Brasil):
Nome do editor, distribuidor, etc. Conselho Nacional de Geografia,
Data de publicação, distribuição, etc 1957.
300 ## - DESCRIÇÃO FÍSICA
Extensão 340 p.
500 ## - NOTA GERAL
Notas gerais 23 ref.
650 ## - ASSUNTO - THESAGRO
Cabeçalho tópico ou nome geográfico Geografia Descritiva
650 ## - ASSUNTO - THESAGRO
Cabeçalho tópico ou nome geográfico Regiao Sul
909 ## - IDENTIFICAÇÃO DO CATALOGADOR
Ano e mês da catalogação (aaaamm) 05/2024
Identificação do catalogador SARAH
942 ## - TIPO ESPECÍFICO
Tipo de material Livros
952 ## - LOCATION AND ITEM INFORMATION (KOHA)
-- 2023-09-25
-- 2023-09-25
-- Portaria Interministerial nº 164/94
Exemplares
Status de empréstimo Fonte de classificação Status de danificação Não pode ser emprestado Código da coleção Localização permanente Localização atual Total Checkouts Número de chamada Código de barras Número de exemplar Tipo de material Perdido
  Classificação AGRIS       Biblioteca Nacional de Agricultura - Binagri Biblioteca Nacional de Agricultura - Binagri   B10 BR9405397 B10 BR9405397 01 Livros  

BINAGRI

Telefone: (61)3218-2567/2388/3357/2097 - binagri@agro.gov.br

Ministério da Agricultura e Pecuária , Esplanada dos Ministérios, Bloco D, Anexo B, Brasília/DF, CEP: 70.043-900